书目信息 |
| 题名: |
商务策划文案写作
|
|
| 作者: | 杨德慧 , 彭英 编著 | |
| 分册: | ||
| 出版信息: | 北京 首都经济贸易大学出版社 2009.01 |
|
| 页数: | 239页 | |
| 开本: | 24cm | |
| 丛书名: | ||
| 单 册: | ||
| 中图分类: | H152.3 | |
| 科图分类: | ||
| 主题词: | 商务--shang wu--策划--写作--高等学校--教材 | |
| 电子资源: | ||
| ISBN: | 978-7-5638-1601-9 | |
| 000 | 00902nam0 2200253 450 | |
| 001 | 012009869202 | |
| 005 | 20091016101511.14 | |
| 010 | @a978-7-5638-1601-9@dCNY23.00 | |
| 100 | @a20091016d2009 em y0chiy0120 ea | |
| 101 | 0 | @achi |
| 102 | @aCN@b110000 | |
| 105 | @aak a 000yy | |
| 106 | @ar | |
| 200 | 1 | @a商务策划文案写作@Ashang wu ce hua wen an xie zuo@f杨德慧, 彭英编著@Fyang de hui,peng ying bian zhu |
| 210 | @a北京@c首都经济贸易大学出版社@d2009.01 | |
| 215 | @a239页@c图@d24cm | |
| 320 | @a有书目 (第239页) | |
| 330 | @a本书内容包括:商务策划与商务策划文案、商务策划文案写作的基本功、商务策划文案的语境、商务策划文案的写作原则、商务策划文案的文本表现等。 | |
| 606 | 0 | @a商务@Ashang wu@x策划@x写作@x高等学校@j教材 |
| 690 | @aH152.3@v4 | |
| 701 | 0 | @a杨德慧@Ayang de hui@4编著 |
| 701 | 0 | @a彭英@Apeng ying@4编著 |
| 801 | 0 | @aCN@bQSSK@c20091016 |
| 905 | @b763598-600@dH152.3@eY162@f3 | |
| 商务策划文案写作/杨德慧, 彭英编著.-北京:首都经济贸易大学出版社,2009.01 |
| 239页:图;24cm |
| ISBN 978-7-5638-1601-9:CNY23.00 |
| 本书内容包括:商务策划与商务策划文案、商务策划文案写作的基本功、商务策划文案的语境、商务策划文案的写作原则、商务策划文案的文本表现等。 |
| ● |
| 相关链接 |
|
|
|
正题名:商务策划文案写作
索取号:H152.3/Y162
 
预约/预借
| 序号 | 登录号 | 条形码 | 馆藏地/架位号 | 状态 | 备注 |
| 1 | 763598 | 207635987 | 语言库209/209语言库 75排4列4层/ [索取号:H152.3/Y162] | 在馆 | |
| 2 | 763599 | 207635996 | 语言库209/209语言库 75排4列4层/ [索取号:H152.3/Y162] | 在馆 | |
| 3 | 763600 | 207636003 | 语言库209/209语言库 75排4列4层/ [索取号:H152.3/Y162] | 在馆 |